000 00709nam a2200193Ia 4500
008 151121s9999||||xx |||||||||||||| ||und||
082 _a813/वैद्य
082 _bHNW-65917
100 _aवैद्य छबुताई कवीश्वर
245 _aअपराध मीच केला
260 _b"गृहलक्ष्मी प्रकाशन, मुंबई।"
260 _c--
300 _a101
600 _aवैद्य छबुताई कवीश्वर
630 _aअपराध मीच केला
700 _aवैद्य छबुताई कवीश्वर
730 _aअपराध मीच केला
942 _cBOOK
999 _c1247414
_d1247411